10 Largest Countries in Europe - Statistics

General Stats
  • This quiz has been taken 42 times
  • The average score is 8 of 10
Answers on the Map
Answers color-coded by a green-red scale on the quiz's map according to % correct below.
 
Answer Stats
Answer % Correct
France
89%
Spain
89%
Russia
87%
Ukraine
87%
Germany
84%
Italy
84%
Norway
82%
Sweden
82%
Finland
79%
Poland
76%
No matching quizzes found
Score Distribution
Percent of People with Each Score
Percentile by Number Answered
Your Score History
You have not taken this quiz